| 000 | 00944nam0a22002411 4500 | ||
|---|---|---|---|
| 001 | rc\2716471 | ||
| 005 | 20110915163717.3 | ||
| 035 | _a(NLR Aleph) 006844294 | ||
| 090 |
_a6678711 _c6678711 |
||
| 100 | _a20110915d1938 |||y0rusy50 ca | ||
| 101 | 0 | _arus | |
| 102 | _aRU | ||
| 105 | _aa j ||||| | ||
| 200 | 1 |
_aАсинхронные машины _eУтв. ГУУЗ НКТП в качестве учебника для энергетич. втузов _fАкад. К. И. Шенфер |
|
| 205 | _a4-е изд., перераб. и доп. | ||
| 210 |
_aМосква _aЛенинград _cГОНТИ, Ред. энергетич. лит-ры _d1938 _eЛенинград _gТип. "Кр. печатник" |
||
| 215 |
_a412 с. _cил. _d23 см. |
||
| 700 | 1 |
_aШенфер _bК. И. _f1885-1946 _gКлавдий Ипполитович |
|
| 801 | 0 |
_aRU _bNLR _gpsbo |
|
| 801 | 1 |
_aRU _bELAR _2rusmarc |
|
| 852 |
_aNLR _j38-4/647 |
||
| 942 | _cBOOK | ||
| 980 | _aNB | ||